[Event "GRE-chT 29th"]
[Site "Athens"]
[Date "2000.07.09"]
[Round "4"]
[White "Efthimiatos, Georgios"]
[Black "Velimirovic, Dragoljub"]
[Result "0-1"]
[WhiteElo "2199"]
[BlackElo "2558"]
[PlyCount "74"]
[EventDate "2000.07.06"]
[EventType "team"]
[EventRounds "8"]
[EventCountry "GRE"]
[Source "ChessBase"]
[SourceDate "2000.11.22"]
[WhiteTeamCountry "YUG"]
[BlackTeamCountry "RUS"]

1. e4 c5 2. Nf3 Nc6 3. d4 cxd4 4. Nxd4 g6 5. Nc3 Bg7 6. Be3 Nf6 7. Bc4 O-O 8.
Bb3 d6 9. h3 Bd7 10. O-O Nh5 11. Nf3 Na5 12. Qd2 Re8 13. Bh6 Bh8 14. Rfe1 Nxb3
15. axb3 a6 16. g4 Nf6 17. e5 dxe5 18. Nxe5 Be6 19. Qf4 Rc8 20. h4 Qc7 21. f3
Nd7 22. Nxd7 Qxf4 23. Bxf4 Bxd7 24. Be5 f6 25. Bd4 e5 26. Be3 Bc6 27. Kf2 Kf7
28. Red1 f5 29. Rd2 Bf6 30. g5 Be7 31. Na4 h6 32. f4 hxg5 33. hxg5 exf4 34.
Bxf4 Rh8 35. c4 Rh3 36. Be5 Bxg5 37. Rd6 Bh4+ 0-1

[Event "GRE-chT 29th"]
[Site "Athens"]
[Date "2000.07.11"]
[Round "6"]
[White "Skalkotas, Nikolaos"]
[Black "Velimirovic, Dragoljub"]
[Result "1/2-1/2"]
[WhiteElo "2285"]
[BlackElo "2558"]
[PlyCount "102"]
[EventDate "2000.07.06"]
[EventType "team"]
[EventRounds "8"]
[EventCountry "GRE"]
[Source "ChessBase"]
[SourceDate "2000.11.22"]
[WhiteTeamCountry "YUG"]
[BlackTeamCountry "RUS"]

1. d4 c5 2. d5 Nf6 3. Nc3 g6 4. e4 d6 5. Bb5+ Nbd7 6. a4 a6 7. Be2 Bg7 8. a5
O-O 9. Nf3 Ne8 10. O-O Nc7 11. Nd2 Nb5 12. Nxb5 axb5 13. Bxb5 Rxa5 14. Rxa5
Qxa5 15. Qe2 Ne5 16. h3 Bd7 17. Bxd7 Nxd7 18. Nf3 b5 19. Bf4 Bxb2 20. c4 Bg7
21. cxb5 Qb4 22. Nd2 Nb6 23. Rb1 Qc3 24. Nf3 Ra8 25. Kh2 Ra4 26. Bg3 Rb4 27.
Rd1 Rb2 28. Rd2 Rxd2 29. Qxd2 Qxd2 30. Nxd2 Bc3 31. Bf4 Kf8 32. Kg1 Ke8 33. Kf1
Kd7 34. Nb1 Bb4 35. Bd2 f5 36. f3 fxe4 37. fxe4 e6 38. dxe6+ Kxe6 39. Ke2 Ke5
40. Bxb4 cxb4 41. Kd3 d5 42. Nd2 Nd7 43. Nf3+ Kd6 44. Kd4 dxe4 45. Nd2 Nf6 46.
Nc4+ Ke6 47. Ne3 Kd6 48. Nc4+ Kd7 49. Ne3 b3 50. Kc3 Kd6 51. Kxb3 Ke5 1/2-1/2

[Event "GRE-chT 29th"]
[Site "Athens"]
[Date "2000.07.12"]
[Round "7"]
[White "Velimirovic, Dragoljub"]
[Black "Kapnisis, Spyridon"]
[Result "1-0"]
[WhiteElo "2558"]
[BlackElo "2320"]
[PlyCount "81"]
[EventDate "2000.07.06"]
[EventType "team"]
[EventRounds "8"]
[EventCountry "GRE"]
[Source "ChessBase"]
[SourceDate "2000.11.22"]
[WhiteTeamCountry "YUG"]
[BlackTeamCountry "RUS"]

1. e4 c5 2. Nf3 Nc6 3. d4 cxd4 4. Nxd4 Nf6 5. Nc3 e5 6. Ndb5 d6 7. Bg5 a6 8.
Bxf6 gxf6 9. Na3 b5 10. Nd5 Bg7 11. c3 f5 12. exf5 Bxf5 13. Nc2 O-O 14. Nce3
Bg6 15. h4 Be4 16. Bd3 Bxd5 17. Nxd5 f5 18. Qh5 e4 19. Bc2 Kh8 20. O-O-O b4 21.
g4 Qe8 22. Qxe8 Raxe8 23. Ba4 Rc8 24. Bxc6 Rxc6 25. Nxb4 Rb6 26. Nd5 Rbb8 27.
g5 Be5 28. Kc2 Rf7 29. Rhf1 Rfb7 30. b3 a5 31. f4 exf3 32. Rxf3 a4 33. b4 Rf7
34. Rdf1 Rbf8 35. Kb2 Kg7 36. Ka3 Kg6 37. Nf4+ Bxf4 38. Rxf4 d5 39. Rd1 Rc8 40.
Rxd5 Rxc3+ 41. Kxa4 1-0

[Event "GRE-chT 29th"]
[Site "Athens"]
[Date "2000.07.13"]
[Round "8"]
[White "Velimirovic, Dragoljub"]
[Black "Grivas, Efstratios"]
[Result "1-0"]
[WhiteElo "2558"]
[BlackElo "2503"]
[PlyCount "107"]
[EventDate "2000.07.06"]
[EventType "team"]
[EventRounds "8"]
[EventCountry "GRE"]
[Source "ChessBase"]
[SourceDate "2000.11.22"]
[WhiteTeamCountry "YUG"]
[BlackTeamCountry "RUS"]

1. e4 c5 2. Nf3 Nc6 3. d4 cxd4 4. Nxd4 Qb6 5. Nb3 Nf6 6. Nc3 e6 7. Bd3 d6 8.
Be3 Qc7 9. f4 a6 10. Qe2 Be7 11. O-O-O b5 12. g4 Nd7 13. Kb1 Nb6 14. Rhe1 Na4
15. Nd5 exd5 16. exd5 Nb4 17. Bd4 O-O 18. Qxe7 Qxe7 19. Rxe7 Nxd5 20. Ree1 Nxf4
21. Be4 d5 22. Bf3 Be6 23. Bf2 Rac8 24. Nd4 Nc5 25. Nf5 Ng6 26. Bd4 Bxf5 27.
gxf5 Nh4 28. Bxd5 Nxf5 29. Bxc5 Rxc5 30. Re5 Rxd5 31. Rdxd5 g6 32. Rd7 Rc8 33.
a4 bxa4 34. Ra5 Rc4 35. Rxa6 h5 36. Raa7 Nh6 37. c3 Rh4 38. Rd2 Kg7 39. Ka2 g5
40. Ka3 Ng4 41. Rxa4 Rxh2 42. Rd5 Kg6 43. b4 Nf6 44. Rd3 g4 45. b5 h4 46. Rd6
g3 47. Rf4 g2 48. Rdxf6+ Kh5 49. Rxf7 Rh3 50. Kb4 Rg3 51. Rf1 h3 52. Rg1 Kh6
53. Rf8 Rg7 54. Rf3 1-0

[Event "YUG-chT 52nd"]
[Site "Novi Sad"]
[Date "2000.08.25"]
[Round "1"]
[White "Todorovic, Goran M"]
[Black "Velimirovic, Dragoljub"]
[Result "1-0"]
[WhiteElo "2455"]
[BlackElo "2469"]
[PlyCount "65"]
[EventDate "2000.08.24"]
[EventType "team"]
[EventRounds "11"]
[EventCountry "YUG"]
[Source "ChessBase"]
[SourceDate "2000.11.22"]
[WhiteTeam "Barajevo"]
[BlackTeam "Belgrade BEKO"]
[WhiteTeamCountry "YUG"]
[BlackTeamCountry "YUG"]

1. e4 Nc6 2. d4 e5 3. dxe5 Nxe5 4. Nf3 d6 5. Nxe5 dxe5 6. Qxd8+ Kxd8 7. Bc4 Be6
8. Bxe6 fxe6 9. Nd2 Nf6 10. Nc4 Nxe4 11. Nxe5 Ke8 12. Be3 Bb4+ 13. Ke2 Bd6 14.
Nc4 Kd7 15. Rhd1 Ke7 16. Rd3 Nf6 17. Rad1 Rhc8 18. Bg5 h6 19. Bxf6+ gxf6 20.
Kf3 Rd8 21. Na5 Rab8 22. Rb3 Be5 23. Rxd8 Rxd8 24. Rxb7 Rd2 25. c3 Bxh2 26. Nc4
Rd3+ 27. Ke2 Rd5 28. g3 Kd7 29. Kf3 Bg1 30. Kg2 Rd1 31. Ne3 Ra1 32. Rxa7 Re1
33. Rb7 1-0

[Event "YUG-chT 52nd"]
[Site "Novi Sad"]
[Date "2000.08.26"]
[Round "2"]
[White "Velimirovic, Dragoljub"]
[Black "Rublevsky, Sergei"]
[Result "1-0"]
[WhiteElo "2469"]
[BlackElo "2670"]
[PlyCount "56"]
[EventDate "2000.08.24"]
[EventType "team"]
[EventRounds "11"]
[EventCountry "YUG"]
[Source "ChessBase"]
[SourceDate "2000.11.22"]
[WhiteTeam "Belgrade BEKO"]
[BlackTeam "Niksic"]
[WhiteTeamCountry "YUG"]
[BlackTeamCountry "YUG"]

1. e4 c5 2. Nf3 e6 3. d4 cxd4 4. Nxd4 a6 5. c4 Nf6 6. Nc3 Bb4 7. Bd3 Nc6 8.
Nxc6 dxc6 9. e5 Qa5 10. exf6 Bxc3+ 11. bxc3 Qxc3+ 12. Qd2 Qxa1 13. O-O Qxf6 14.
Ba3 Bd7 15. Rb1 c5 16. Be4 Qe5 17. f3 Bc6 18. Bb2 Qc7 19. Bxg7 Rg8 20. Bf6 Bxe4
21. fxe4 Rg6 22. e5 Qc6 23. Rd1 Kf8 24. Qe2 b5 25. Rd6 Qc7 26. Qf3 Rb8 27. h4
bxc4 28. h5 Rg8 1-0

[Event "YUG-chT 52nd"]
[Site "Novi Sad"]
[Date "2000.08.26"]
[Round "3"]
[White "Ristic, Nenad"]
[Black "Velimirovic, Dragoljub"]
[Result "1/2-1/2"]
[WhiteElo "2427"]
[BlackElo "2469"]
[PlyCount "86"]
[EventDate "2000.08.24"]
[EventType "team"]
[EventRounds "11"]
[EventCountry "YUG"]
[Source "ChessBase"]
[SourceDate "2000.11.22"]
[WhiteTeam "Gosa"]
[BlackTeam "Belgrade BEKO"]
[WhiteTeamCountry "YUG"]
[BlackTeamCountry "YUG"]

1. e4 c5 2. Nf3 Nc6 3. d4 cxd4 4. Nxd4 g6 5. Nc3 Bg7 6. Be3 Nf6 7. Bc4 O-O 8.
Bb3 d6 9. h3 a6 10. O-O Na5 11. Re1 Qc7 12. Qd3 b5 13. Rad1 Nxb3 14. cxb3 Bb7
15. Rc1 Qd7 16. Bg5 Rac8 17. Bxf6 Bxf6 18. Nd5 Bxd5 19. exd5 Rc5 20. Qe4 Rfc8
21. Rcd1 Bxd4 22. Rxd4 Rc1 23. Kh2 Rxe1 24. Qxe1 Rc2 25. Rd2 Rxd2 26. Qxd2 Qf5
27. g3 Qe4 28. Qa5 Qxd5 29. Qxa6 Qc5 30. Kg2 d5 31. a4 bxa4 32. bxa4 d4 33. Qb5
Qd6 34. a5 d3 35. a6 d2 36. a7 d1=Q 37. a8=Q+ Kg7 38. Qe4 Q1d4 39. Qxd4+ Qxd4
40. Qb7 e5 41. b4 e4 42. Qe7 Qd5 43. Kg1 Qd1+ 1/2-1/2

[Event "YUG-chT 52nd"]
[Site "Novi Sad"]
[Date "2000.08.27"]
[Round "4"]
[White "Velimirovic, Dragoljub"]
[Black "Popovic, Petar"]
[Result "1-0"]
[WhiteElo "2469"]
[BlackElo "2500"]
[PlyCount "68"]
[EventDate "2000.08.24"]
[EventType "team"]
[EventRounds "11"]
[EventCountry "YUG"]
[Source "ChessBase"]
[SourceDate "2000.11.22"]
[WhiteTeam "Belgrade BEKO"]
[BlackTeam "Nis"]
[WhiteTeamCountry "YUG"]
[BlackTeamCountry "YUG"]

1. e4 c5 2. Nf3 d6 3. d4 cxd4 4. Nxd4 Nf6 5. Nc3 Nc6 6. Bc4 Qb6 7. Nb3 e6 8.
Bf4 Ne5 9. Be2 Bd7 10. Be3 Qc7 11. O-O Be7 12. f4 Nc4 13. Bd4 O-O 14. Bxc4 Qxc4
15. e5 Ne8 16. Rf3 f6 17. Rh3 fxe5 18. fxe5 Rf5 19. exd6 Nxd6 20. Rg3 g6 21.
Qd3 b6 22. Rd1 Raf8 23. Nd2 Qxd3 24. Rxd3 Bc6 25. Be3 Nf7 26. g4 Re5 27. Bd4
Rg5 28. h3 h5 29. Re1 e5 30. Be3 hxg4 31. Bxg5 Nxg5 32. Rxe5 Bf6 33. Rxg5 Bxg5
34. Nce4 Be7 1-0

[Event "YUG-chT 52nd"]
[Site "Novi Sad"]
[Date "2000.08.28"]
[Round "5"]
[White "Hracek, Zbynek"]
[Black "Velimirovic, Dragoljub"]
[Result "1/2-1/2"]
[WhiteElo "2612"]
[BlackElo "2469"]
[PlyCount "72"]
[EventDate "2000.08.24"]
[EventType "team"]
[EventRounds "11"]
[EventCountry "YUG"]
[Source "ChessBase"]
[SourceDate "2000.11.22"]
[WhiteTeam "Montenegro"]
[BlackTeam "Belgrade BEKO"]
[WhiteTeamCountry "MNT"]
[BlackTeamCountry "YUG"]

1. e4 c5 2. Nf3 Nc6 3. Bb5 g6 4. Bxc6 bxc6 5. O-O Bg7 6. Re1 Nh6 7. h3 O-O 8.
c3 f6 9. d4 cxd4 10. cxd4 d6 11. Nc3 g5 12. Nh2 Qe8 13. d5 c5 14. g4 Nf7 15.
Nf1 h5 16. Ng3 hxg4 17. hxg4 Ne5 18. Nf5 Kf7 19. Kg2 Rh8 20. Rh1 Rb8 21. b3
Bxf5 22. gxf5 Qd7 23. Be3 Rxh1 24. Qxh1 Rh8 25. Qf1 Qe8 26. Qb5 Qg8 27. Rh1
Rxh1 28. Kxh1 Qh8+ 29. Kg2 g4 30. Kf1 Qh1+ 31. Ke2 Qa1 32. Qa5 Qb2+ 33. Kf1 g3
34. fxg3 Ng4 35. Nd1 Qc2 36. Qe1 Qxe4 1/2-1/2

[Event "YUG-chT 52nd"]
[Site "Novi Sad"]
[Date "2000.08.29"]
[Round "6"]
[White "Velimirovic, Dragoljub"]
[Black "Motylev, Alexander"]
[Result "1/2-1/2"]
[WhiteElo "2469"]
[BlackElo "2574"]
[PlyCount "140"]
[EventDate "2000.08.24"]
[EventType "team"]
[EventRounds "11"]
[EventCountry "YUG"]
[Source "ChessBase"]
[SourceDate "2000.11.22"]
[WhiteTeam "Belgrade BEKO"]
[BlackTeam "JAT"]
[WhiteTeamCountry "YUG"]
[BlackTeamCountry "YUG"]

1. e4 e5 2. Nf3 Nf6 3. Nxe5 d6 4. Nf3 Nxe4 5. c4 Be7 6. Nc3 Nxc3 7. dxc3 O-O 8.
Bd3 Nd7 9. Qc2 h6 10. Be3 Bf6 11. O-O-O Ne5 12. Nxe5 Bxe5 13. f4 Bf6 14. Qf2
Re8 15. h3 Bd7 16. Rhe1 a6 17. Re2 b5 18. c5 Be6 19. g4 Bxa2 20. Qf3 Bb3 21.
Rdd2 d5 22. g5 hxg5 23. Qh5 g6 24. Bxg6 fxg6 25. Qxg6+ Bg7 26. Bd4 Qd7 27. Bxg7
Qf7 28. Qxf7+ Kxf7 29. Be5 Re7 30. Rd4 Rae8 31. Kd2 Bc4 32. Rg2 gxf4 33. Rxf4+
Ke6 34. Bd4 Kd7 35. Rff2 Re1 36. Rf7+ Kc8 37. c6 Bb3 38. Kd3 Rd1+ 39. Rd2 Rc1
40. Be5 Re1 41. Bf4 Rf1 42. Rxc7+ Kd8 43. Rf7 Rf3+ 44. Kd4 Re4+ 45. Kc5 Rfxf4
46. Rd7+ Ke8 47. Rd4 Rf6 48. Ra7 Kd8 49. Rxa6 Kc7 50. Ra7+ Kb8 51. Rb7+ Kc8 52.
Rxb5 Ba4 53. Rb6 Kc7 54. Rxd5 Bxc6 55. Rh5 Rc4+ 56. Kxc4 Kxb6 57. b4 Rf4+ 58.
Kd3 Rf3+ 59. Kd2 Rf2+ 60. Kd3 Rf3+ 61. Kc2 Ba4+ 62. Kd2 Bb5 63. Rh6+ Kc7 64. h4
Bc4 65. Rg6 Rd3+ 66. Kc2 Rh3 67. Rg4 Rh2+ 68. Kc1 Bb3 69. Kb1 Ba2+ 70. Kc1 Bb3
1/2-1/2

[Event "YUG-chT 52nd"]
[Site "Novi Sad"]
[Date "2000.09.01"]
[Round "8"]
[White "Gligoric, Svetozar"]
[Black "Velimirovic, Dragoljub"]
[Result "1/2-1/2"]
[WhiteElo "2490"]
[BlackElo "2469"]
[PlyCount "24"]
[EventDate "2000.08.24"]
[EventType "team"]
[EventRounds "11"]
[EventCountry "YUG"]
[Source "ChessBase"]
[SourceDate "2000.11.22"]
[WhiteTeam "Milicionar"]
[BlackTeam "Belgrade BEKO"]
[WhiteTeamCountry "YUG"]
[BlackTeamCountry "YUG"]

1. d4 Nf6 2. c4 c5 3. d5 g6 4. Nc3 Bg7 5. e4 d6 6. Nf3 O-O 7. Bd3 e6 8. O-O
exd5 9. exd5 Bg4 10. h3 Bxf3 11. Qxf3 Nbd7 12. Qd1 Ne8 1/2-1/2

[Event "YUG-chT 52nd"]
[Site "Novi Sad"]
[Date "2000.09.02"]
[Round "9"]
[White "Kovacevic, Aleksandar"]
[Black "Velimirovic, Dragoljub"]
[Result "1/2-1/2"]
[WhiteElo "2513"]
[BlackElo "2469"]
[PlyCount "24"]
[EventDate "2000.08.24"]
[EventType "team"]
[EventRounds "11"]
[EventCountry "YUG"]
[Source "ChessBase"]
[SourceDate "2000.11.22"]
[WhiteTeam "Cacak"]
[BlackTeam "Belgrade BEKO"]
[WhiteTeamCountry "YUG"]
[BlackTeamCountry "YUG"]

1. Nf3 Nf6 2. c4 g6 3. Nc3 Bg7 4. e4 O-O 5. d4 d6 6. Be2 c5 7. O-O cxd4 8. Nxd4
Nc6 9. Be3 Bd7 10. Qd2 Nxd4 11. Bxd4 Bc6 12. f3 a5 1/2-1/2

[Event "YUG-chT 52nd"]
[Site "Novi Sad"]
[Date "2000.09.03"]
[Round "10"]
[White "Beliavsky, Alexander"]
[Black "Velimirovic, Dragoljub"]
[Result "1/2-1/2"]
[WhiteElo "2654"]
[BlackElo "2469"]
[PlyCount "103"]
[EventDate "2000.08.24"]
[EventType "team"]
[EventRounds "11"]
[EventCountry "YUG"]
[Source "ChessBase"]
[SourceDate "2000.11.22"]
[WhiteTeam "Agrouniverzal"]
[BlackTeam "Belgrade BEKO"]
[WhiteTeamCountry "YUG"]
[BlackTeamCountry "YUG"]

1. d4 c5 2. d5 Nf6 3. c4 g6 4. Nc3 Bg7 5. e4 d6 6. Nf3 O-O 7. h3 e6 8. Bd3 exd5
9. exd5 Re8+ 10. Be3 Bh6 11. O-O Bxe3 12. fxe3 Qe7 13. e4 Rf8 14. Qd2 Ne8 15.
Bc2 Nd7 16. Ba4 f6 17. Rf2 a6 18. Raf1 Nc7 19. e5 fxe5 20. Ne4 Nb6 21. Bb3 Bf5
22. Nfg5 Bxe4 23. Nxe4 Nd7 24. Ba4 Rxf2 25. Rxf2 Ne8 26. Bxd7 Qxd7 27. Rf6 Qe7
28. Re6 Qh4 29. Qe2 b5 30. b3 bxc4 31. bxc4 Rb8 32. Qg4 Qxg4 33. hxg4 Kf8 34.
Nxd6 Nxd6 35. Rxd6 Rb4 36. Rxa6 Rxc4 37. Rc6 Ke7 38. g5 Ra4 39. Rxc5 Kd6 40.
Rc2 Kxd5 41. Rc7 Rxa2 42. Rxh7 Ke6 43. g4 Ra4 44. Kg2 Kd5 45. Kf2 Ke4 46. Rh6
Ra6 47. Kg3 Rb6 48. Rh8 Rb3+ 49. Kh4 Rb1 50. Rf8 Rh1+ 51. Kg3 Rg1+ 52. Kh4
1/2-1/2

[Event "YUG-chT 52nd"]
[Site "Novi Sad"]
[Date "2000.09.04"]
[Round "11"]
[White "Velimirovic, Dragoljub"]
[Black "Rajkovic, Dusan"]
[Result "1-0"]
[WhiteElo "2469"]
[BlackElo "2474"]
[PlyCount "61"]
[EventDate "2000.08.24"]
[EventType "team"]
[EventRounds "11"]
[EventCountry "YUG"]
[Source "ChessBase"]
[SourceDate "2000.11.22"]
[WhiteTeam "Belgrade BEKO"]
[BlackTeam "Jedinstvo"]
[WhiteTeamCountry "YUG"]
[BlackTeamCountry "YUG"]

1. e4 e6 2. d4 d5 3. Nc3 Nf6 4. e5 Nfd7 5. f4 c5 6. Nf3 Nc6 7. Ne2 b6 8. c3 Ba6
9. f5 Bxe2 10. Bxe2 exf5 11. O-O Be7 12. Qa4 Rc8 13. Bd3 g6 14. Bh6 c4 15. Be2
Bf8 16. Bf4 Be7 17. b3 Na5 18. Qb5 cxb3 19. axb3 Rxc3 20. b4 Nc6 21. Bd2 Rc2
22. Bd1 Rxd2 23. Qxc6 Rxd1 24. Rfxd1 O-O 25. Qxd5 Bxb4 26. Rxa7 Nb8 27. Qc4 Ba5
28. e6 Qd6 29. Ng5 b5 30. exf7+ Kh8 31. Qc5 1-0

[Event "YUG-chT 52nd playoff fin1"]
[Site "Novi Sad"]
[Date "2000.09.08"]
[Round "1"]
[White "Popovic, Petar"]
[Black "Velimirovic, Dragoljub"]
[Result "0-1"]
[WhiteElo "2500"]
[BlackElo "2469"]
[PlyCount "88"]
[EventDate "2000.08.24"]
[EventType "match ()"]
[EventRounds "2"]
[EventCountry "YUG"]
[Source "ChessBase"]
[SourceDate "2000.11.22"]
[WhiteTeam "Nis"]
[BlackTeam "Belgrade BEKO"]
[WhiteTeamCountry "YUG"]
[BlackTeamCountry "YUG"]

1. e4 c5 2. Nf3 Nc6 3. d4 cxd4 4. Nxd4 g6 5. c4 Bg7 6. Be3 Nf6 7. Nc3 d6 8. Be2
O-O 9. O-O a6 10. Qd2 Nxd4 11. Bxd4 Be6 12. b3 Qa5 13. Qe3 Nd7 14. Bxg7 Kxg7
15. Nd5 Bxd5 16. exd5 Rae8 17. a3 Qb6 18. Qc3+ Kg8 19. b4 Qc7 20. Rac1 a5 21.
Rfd1 b6 22. f4 Ra8 23. Bf3 axb4 24. axb4 Ra4 25. Re1 Nf6 26. Bd1 Ra7 27. Qd4
Rc8 28. h3 Ra2 29. Bb3 Ra3 30. Re3 Qa7 31. Kh2 Rc7 32. Qb2 Qa8 33. c5 bxc5 34.
bxc5 Ra6 35. Bc4 Ra4 36. cxd6 Rcxc4 37. Rxc4 Rxc4 38. dxe7 Ne8 39. Qb5 Rd4 40.
Re5 f6 41. Re6 Rxd5 42. Qc4 Kg7 43. Rc6 Rd2 44. Qc3 Qa2 0-1

[Event "YUG-chT 52nd playoff fin1"]
[Site "Novi Sad"]
[Date "2000.09.09"]
[Round "2"]
[White "Velimirovic, Dragoljub"]
[Black "Popovic, Petar"]
[Result "0-1"]
[WhiteElo "2469"]
[BlackElo "2500"]
[PlyCount "88"]
[EventDate "2000.08.24"]
[EventType "match ()"]
[EventRounds "2"]
[EventCountry "YUG"]
[Source "ChessBase"]
[SourceDate "2000.11.22"]
[WhiteTeam "Belgrade BEKO"]
[BlackTeam "Nis"]
[WhiteTeamCountry "YUG"]
[BlackTeamCountry "YUG"]

1. e4 c5 2. Nf3 d6 3. d4 cxd4 4. Nxd4 Nf6 5. Nc3 a6 6. Bc4 e6 7. Bb3 Nbd7 8. f4
Nc5 9. e5 Nfd7 10. Nf3 dxe5 11. fxe5 b5 12. O-O Bb7 13. Qe1 h6 14. Be3 Qc7 15.
Bd4 Nxb3 16. axb3 Bc5 17. Qe3 Bxd4 18. Qxd4 O-O 19. Rae1 Rac8 20. Rf2 Rfd8 21.
Ne4 Bxe4 22. Qxe4 Qb6 23. h4 a5 24. Ref1 a4 25. bxa4 bxa4 26. Qxa4 Qxb2 27. Qe4
Qc3 28. h5 Nb6 29. Nh2 Rc7 30. Ng4 Rd4 31. Qe2 Qg3 32. Qb5 Rxg4 33. Qxb6 Qxe5
34. Qb8+ Kh7 35. Qb1 Qxh5 36. c4+ f5 37. Re2 Rh4 38. Rxe6 Rh1+ 39. Kf2 Qh4+ 40.
Ke3 Qg3+ 41. Kd4 Rh4+ 42. Kd5 Qxg2+ 43. Kd6 Qc6+ 44. Ke5 Re4+ 0-1

[Event "YUG-chT 52nd playoff sf1"]
[Site "Novi Sad"]
[Date "2000.09.06"]
[Round "1"]
[White "Gligoric, Svetozar"]
[Black "Velimirovic, Dragoljub"]
[Result "1/2-1/2"]
[WhiteElo "2490"]
[BlackElo "2469"]
[PlyCount "21"]
[EventDate "2000.08.24"]
[EventType "match ()"]
[EventRounds "2"]
[EventCountry "YUG"]
[Source "ChessBase"]
[SourceDate "2000.11.22"]
[WhiteTeam "Milicionar"]
[BlackTeam "Belgrade BEKO"]
[WhiteTeamCountry "YUG"]
[BlackTeamCountry "YUG"]

1. d4 Nf6 2. c4 c5 3. d5 g6 4. Nc3 Bg7 5. e4 d6 6. Nf3 O-O 7. Be2 e5 8. Bg5 h6
9. Bh4 Qc7 10. Nd2 Ne8 11. f3 1/2-1/2

[Event "YUG-chT"]
[Site "Herceg Novi"]
[Date "2001.05.??"]
[Round "1"]
[White "Velimirovic, Dragoljub"]
[Black "Drazic, Sinisa"]
[Result "1-0"]
[WhiteElo "2484"]
[BlackElo "2475"]
[PlyCount "83"]
[EventDate "2001.05.??"]
[EventType "team"]
[EventRounds "11"]
[EventCountry "YUG"]
[Source "ChessBase"]
[SourceDate "2001.07.03"]
[WhiteTeamCountry "YUG"]
[BlackTeamCountry "YUG"]

1. e4 g6 2. d4 Bg7 3. Nc3 c6 4. f4 d5 5. e5 Nh6 6. Nf3 f6 7. h3 Nf5 8. g4 Ng3
9. Rg1 Nxf1 10. Rxf1 O-O 11. Be3 e6 12. Qd2 Nd7 13. exf6 Qxf6 14. O-O-O b6 15.
h4 Ba6 16. Rh1 c5 17. h5 cxd4 18. Nxd4 Rac8 19. hxg6 hxg6 20. Qh2 Rxc3 21. bxc3
Qe7 22. Qh7+ Kf7 23. Rh6 Ke8 24. Rxg6 Qa3+ 25. Kb1 Bxd4 26. Rxe6+ Kd8 27. Rxd4
Bc4 28. Rxc4 dxc4 29. f5 Qa4 30. Qe7+ Kc8 31. Qd6 Qb5+ 32. Kc1 Kb7 33. Re7 Rd8
34. Bf4 Qc6 35. Qxc6+ Kxc6 36. Re6+ Kb7 37. Rd6 Kc8 38. Rc6+ Kb7 39. Rc7+ Ka6
40. Bg5 Rg8 41. Rxd7 Rxg5 42. Rd4 1-0

[Event "YUG-chT"]
[Site "Herceg Novi"]
[Date "2001.05.??"]
[Round "2"]
[White "Zontakh, Andrey"]
[Black "Velimirovic, Dragoljub"]
[Result "1/2-1/2"]
[WhiteElo "2529"]
[BlackElo "2484"]
[PlyCount "104"]
[EventDate "2001.05.??"]
[EventType "team"]
[EventRounds "11"]
[EventCountry "YUG"]
[Source "ChessBase"]
[SourceDate "2001.07.03"]
[WhiteTeamCountry "YUG"]
[BlackTeamCountry "YUG"]

1. e4 c5 2. Nf3 Nc6 3. Bb5 g6 4. O-O Bg7 5. Re1 e5 6. Bxc6 dxc6 7. d3 Qe7 8. a4
Nh6 9. Nbd2 f6 10. Nc4 Nf7 11. c3 Be6 12. Qe2 Rd8 13. Be3 O-O 14. b4 cxb4 15.
cxb4 Qxb4 16. Bxa7 Ra8 17. Reb1 Qe7 18. Qe3 Bxc4 19. Bc5 Nd6 20. dxc4 Rfd8 21.
Qb3 Qf7 22. Bxd6 Rxd6 23. Rd1 Bf8 24. g3 Rxd1+ 25. Rxd1 b5 26. axb5 Ra3 27. Qc2
cxb5 28. Nd2 b4 29. Nb1 Ra6 30. Rd5 Qa7 31. Nd2 Ra2 32. Qb3 Ra3 33. Qb2 Bc5 34.
Kg2 Kf7 35. Qb1 Be7 36. Nb3 Qa4 37. Rd3 Qa6 38. Qc2 Ra2 39. Qb1 Qa8 40. Rd5 Qa3
41. Qd3 Qb2 42. Qf3 Qc3 43. Rd7 Qxc4 44. Nd2 Qc3 45. Qd1 Rc2 46. Nf1 Qc6 47.
Ne3 Qxe4+ 48. Kg1 Rb2 49. Qd6 Rb1+ 50. Nd1 Qe1+ 51. Kg2 Qe4+ 52. Kg1 Qe1+
1/2-1/2

[Event "YUG-chT"]
[Site "Herceg Novi"]
[Date "2001.05.??"]
[Round "3"]
[White "Velimirovic, Dragoljub"]
[Black "Nevednichy, Vladislav"]
[Result "0-1"]
[WhiteElo "2484"]
[BlackElo "2563"]
[PlyCount "80"]
[EventDate "2001.05.??"]
[EventType "team"]
[EventRounds "11"]
[EventCountry "YUG"]
[Source "ChessBase"]
[SourceDate "2001.07.03"]
[WhiteTeamCountry "YUG"]
[BlackTeamCountry "YUG"]

1. e4 e5 2. Nf3 d6 3. d4 exd4 4. Qxd4 a6 5. Be3 Nc6 6. Qd2 Nf6 7. Nc3 Be7 8. h3
O-O 9. g4 b5 10. g5 Nd7 11. O-O-O Re8 12. h4 Nde5 13. Nxe5 dxe5 14. Nd5 Bd6 15.
h5 Nd4 16. h6 c6 17. g6 fxg6 18. f4 cxd5 19. fxe5 Bxe5 20. Bxd4 Bg4 21. Be2
Bxe2 22. Qxe2 Bxd4 23. Rxd4 Qg5+ 24. Kb1 gxh6 25. Qf3 Rxe4 26. Rxe4 dxe4 27.
Qxe4 Rf8 28. Qe6+ Kg7 29. Qxa6 h5 30. a4 bxa4 31. Qxa4 Qd5 32. Re1 Ra8 33. Qh4
Qa2+ 34. Kc1 Qa1+ 35. Kd2 Qxb2 36. Re7+ Kh8 37. Rd7 Qe5 38. Rd8+ Rxd8+ 39.
Qxd8+ Kg7 40. c4 Qb2+ 0-1

[Event "YUG-chT"]
[Site "Herceg Novi"]
[Date "2001.05.??"]
[Round "4"]
[White "Gligoric, Svetozar"]
[Black "Velimirovic, Dragoljub"]
[Result "1/2-1/2"]
[WhiteElo "2481"]
[BlackElo "2484"]
[PlyCount "25"]
[EventDate "2001.05.??"]
[EventType "team"]
[EventRounds "11"]
[EventCountry "YUG"]
[Source "ChessBase"]
[SourceDate "2001.07.03"]
[WhiteTeamCountry "YUG"]
[BlackTeamCountry "YUG"]

1. d4 Nf6 2. c4 c5 3. d5 g6 4. Nc3 Bg7 5. e4 d6 6. Nf3 O-O 7. Bd3 e6 8. O-O
exd5 9. exd5 Bg4 10. h3 Bxf3 11. Qxf3 Nbd7 12. Qd1 Ne8 13. Bd2 1/2-1/2

[Event "YUG-chT"]
[Site "Herceg Novi"]
[Date "2001.05.??"]
[Round "5"]
[White "Velimirovic, Dragoljub"]
[Black "Blagojevic, Dragisa"]
[Result "0-1"]
[WhiteElo "2484"]
[BlackElo "2486"]
[PlyCount "92"]
[EventDate "2001.05.??"]
[EventType "team"]
[EventRounds "11"]
[EventCountry "YUG"]
[Source "ChessBase"]
[SourceDate "2001.07.03"]
[WhiteTeamCountry "YUG"]
[BlackTeamCountry "YUG"]

1. e4 e5 2. Nf3 Nc6 3. Bb5 a6 4. Ba4 Nf6 5. O-O Be7 6. Re1 b5 7. Bb3 d6 8. c3
O-O 9. h3 Na5 10. Bc2 c5 11. d4 Nd7 12. dxc5 dxc5 13. Nbd2 Bb7 14. Nf1 Nc4 15.
b3 Nd6 16. a4 Re8 17. Ng3 Bf8 18. Nh2 bxa4 19. Rxa4 c4 20. b4 a5 21. bxa5 Nc5
22. Rb4 Rxa5 23. Ng4 Ra1 24. Qe2 Ra2 25. Rb2 Rxb2 26. Bxb2 Ba6 27. Ra1 Bb5 28.
Bc1 Nb3 29. Rb1 Nxc1 30. Rxc1 Qa5 31. Qe3 Re6 32. Rd1 Qa2 33. Rd2 Qa1+ 34. Kh2
Qc1 35. Ne2 Qa3 36. Rd5 f6 37. Ng3 Bc6 38. Rd1 Nf7 39. Nf5 h5 40. Qg3 hxg4 41.
Qxg4 Re8 42. h4 Qxc3 43. Ne3 Nh6 44. Qg6 Rb8 45. Rd7 Bxd7 46. Nd5 Ng4+ 0-1